| 000 | 00678cab a2200217 4500 | ||
|---|---|---|---|
| 001 | ABS59376 | ||
| 008 | 090401t1998 xxu||||| |||| 00| 0 eng d | ||
| 035 | _a(Sirsi) u89310 | ||
| 041 | _aeng | ||
| 245 | _aBritain in boom | ||
| 260 | _c1998 | ||
| 350 | _a0 | ||
| 490 |
_aBuilding _v263(8060) 16 October 1998, 20-24(5) |
||
| 520 | _aBuilding`s annual round-up of construction workload levels reveals current healthy activity, but some doubts about what the future holds. Regional reviews. | ||
| 650 | _aCONSTRUCTION INDUSTRY | ||
| 650 | _aCONSTRUCTION PROJECTS | ||
| 650 | _aCONSTRUCTION WORKLOAD | ||
| 690 | _aBUILT ENVIRONMENT | ||
| 942 | _n0 | ||
| 948 | _c27/10/1998 | ||
| 999 |
_c56490 _d56490 |
||